000
00255nam a22001217a 4500
008
170421b xxu||||| |||| 00| 0 eng d
041
_a
eng
080
_a
573
100
_a
11
101
_a
SHM
245
_a
BACTERIO-PHAGES
_c
ADAMS, M.H
942
_2
udc
_c
BK
999
_c
11501
_d
11501